Представление документа в формате RUSMARC

Поле Инд. ПП Название Значение
Тип записи a
Библиографический уровень m
001 _ Контрольный номер RU\infra-m\znanium\bibl\1057413
003 _ Постоянный идентификатор записи https://znanium.com/catalog/document?id=347094
005 _ Дата корректировки 20240903131315.3
010 a ISBN 978-5-91612-206-0
100 a Данные общей обработки 20191222d2019 m y0rusy0150 ca
101 0_ a Язык текста rus
102 a Страна публикации RU
200 1_ a Заглавие История государства и права
e Сведения, относящиеся к заглавию Учебно-методическая литература
f Первые сведения об ответственности Самарский юридический институт Федеральной службы исполнения наказаний
210 1_ a Место издания Самара
c Издательство Самарский юридический институт ФСИН России
d Дата издания 2017
215 a Объем 177 с.
330 a Аннотация В пособии представлены учебные и методические материалы содержание которых позволит познакомить курсантов с рациональными формами и приемами самостоятельной работы сформировать у них навыки по систематизации информационных источников составлению структурно-логических таблиц глоссария решению казусов и выполнению практических заданий по дисциплине «История государства и права России». Представленное пособие призвано также стать помощником при подготовке обучающихся к семинарским и практическим занятиям и к прохождению текущей и промежуточной аттестации по предмету. Издание адресовано курсантам слушателям студентам юридических вузов.
333 a Примечание о целевом назначении ВО - Бакалавриат
606 a Основная рубрика Право. Юридические науки
x Основная подрубрика История государства и права
2 Код системы local
608 a Жанр/форма Учебно-методическая литература
2 Код системы local
675 a Индекс УДК 342
z Язык издания rus
686 a Систематический индекс 673
2 Код системы rubbk
686 a Систематический индекс 40.03.01
2 Код системы okso
686 a Систематический индекс 40.05.02
2 Код системы okso
700 _1 a Фамилия Ельчанинова
b Имя О.Ю.
g Полное личное имя Ольга Юрьевна
p Наименование/ адрес организации Самарский юридический институт Федеральной службы исполнения наказаний
701 _1 a Фамилия Федосеев
b Имя В.И.
g Полное личное имя Владимир Иванович
p Наименование/ адрес организации Самарский юридический институт Федеральной службы исполнения наказаний
801 _0 a Страна RU
b Организация Общество с ограниченной ответственностью «ЗНАНИУМ»
c Дата составления 20190826
2 Код формата rusmarc
856 4_ a Внешний URL ресурс znanium.com
m Координаты для получения помощи по доступу ebs_support@infra-m.ru
n Название местонахождения сервера НИЦ ИНФРА-М
u URL https://znanium.com/catalog/document?id=347094
856 41 a Внешний URL ресурс znanium.com
d Путь (Path) /cover/1057
f Электронное имя 1057413.jpg
q Тип электронного формата image/jpeg
u URL https://znanium.com/cover/1057/1057413.jpg